| 000 | 00584nam a2200181Ia 4500 | ||
|---|---|---|---|
| 003 | OSt | ||
| 005 | 20251230125126.0 | ||
| 008 | 210210b1945 xxu||||| |||| 00| 0 eng d | ||
| 040 | _cAL | ||
| 041 | _aKannada | ||
| 082 | _a859/2138 | ||
| 100 |
_aSITATARAMAYYA (M V) _9158233 _dಸೀತಾರಾಮಯ್ಯ (ಎಂ ವಿ) |
||
| 245 |
_aRatidevi mattu itara kathegalu: _bರತಿದೇವಿ ಮತ್ತು ಇತರ ಕತೆಗಳು |
||
| 260 |
_aBengaluru _bSatyashodhana Prakatana Mandira _c1945 |
||
| 690 |
_aKannada Fiction _9158234 |
||
| 906 | _a022851 | ||
| 942 |
_2ddc _cBK |
||
| 999 |
_c147510 _d147510 |
||